00748nam a22002177a 450000500170000001000150001702000270003203500140005903700130007308200110008610000250009724500760012226000370019827000620023530000200029770000330031770000100035094200250036099900190038595201260040420240221113418.0 aENG-139398 c1200.00a9788178246406 aEN-122930 bDBAD/PUB a880.08 aGanguly,Swati962323 aTagore's University:A Story of Visva -Bharati 1921-1961/cSwati Ganguly aRanikhet bPermanent Blackc2022 a"Himalayana", Mall Road, Ranikhet CanttbRanikhete263645 a488p.c23cm(hb) 961889aMukherjee, Rudrangshu 961890 2ddccENmGANh880.08 c200945d200945 001040708NFICaLbLd2024-02-21eDBADg1200.00l0oGAN 880.08pEN-122930r2024-02-21 00:00:00v1200.00w2024-02-21yEN